Elements of Microprogramming

Gespeichert in:
Bibliographische Detailangaben
Hauptverfasser: Banerji, Dilip K. (Verfasst von), Raymond, Jacques (Verfasst von)
Format: Buch
Sprache:Englisch
Veröffentlicht: Englewood Cliffs : Prentice-Hall International, 1982
Tags: Tag hinzufügen
Keine Tags, Fügen Sie das erste Tag hinzu!

MARC

LEADER 00000nam a22000003a 4500
001 stu265513
005 20150617225600.4
008 130416s1982----xxu-----------------eng-d
020 |a 0-13-267146-8 
040 |a STU  |b slo 
041 0 |a eng 
044 |a xxu 
100 1 |a Banerji, Dilip K.  |4 aut 
245 1 |a Elements of Microprogramming 
260 |a Englewood Cliffs :  |b Prentice-Hall International,  |c 1982 
300 |a 434 s 
700 1 |a Raymond, Jacques  |4 aut 
996 |b 284IK06494  |c I*2C2904  |l I  |s A  |a 24  |w stu265513_0001